000 00925cam a2200277 a 4500
005 20260322212029.0
008 data
010 _a 87047811
020 _a0345351738 :
_c{dollar}17.95
020 _a9780345351739 :
_c{dollar}17.95
040 _aDLC
_cDLC
_dDLC
050 0 0 _aPR6005.L36
_bA617 1988
051 _aPR6005.L36
_bA617 1988 Copy 2
_cAnother copy. Dust jacket. Copyright deposit, June 21, 1989.
082 0 0 _a823/.914
_219
100 1 _aClarke, Arthur C.
_d1917-2008.
_q(Arthur Charles),
245 1 0 _a2061 :
_bodyssey three /
_cArthur C. Clarke.
250 _a1st ed.
260 _aNew York :
_bBallantine Books,
_c1988.
300 _axiii, 279 p. ;
_c25 cm.
500 _a"A Del Rey book."
655 7 _aScience fiction.
_2gsafd
740 0 _aTwo thousand-sixty one.
740 0 _aOdyssey three.
856 4 2 _3Publisher description
_uhttp://www.loc.gov/catdir/description/random0412/87047811.html
001 data
999 _c674
_d674